Normal view
MARC view
- التاريخ (المرحلة الأساسية) -- تعلم وتدريس -- الأردن. التاريخ (المرحلة الأساسية) -- كتب دراسية -- الأردن. التاريخ (المرحلة الأساسية) -- مناهج -- الأردن.
Entry Topical Term
001 - CONTROL NUMBER
- control field: 66419
003 - CONTROL NUMBER IDENTIFIER
- control field: JO-AjAnu
005 - DATE AND TIME OF LATEST TRANSACTION
- control field: 20241022123206.0
008 - FIXED-LENGTH DATA ELEMENTS
- fixed length control field: 241022|| aca||babn | a|a d
040 ## - CATALOGING SOURCE
- Original cataloging agency: JO-AjAnu
150 ## - HEADING--TOPICAL TERM
- Topical term or geographic name entry element: التاريخ (المرحلة الأساسية) -- تعلم وتدريس -- الأردن. التاريخ (المرحلة الأساسية) -- كتب دراسية -- الأردن. التاريخ (المرحلة الأساسية) -- مناهج -- الأردن.